LEADER 00899oam 2200301zu 450 001 996211378803316 005 20210807003601.0 035 $a(CKB)111026746748720 035 $a(SSID)ssj0000827934 035 $a(PQKBManifestationID)12407603 035 $a(PQKBTitleCode)TC0000827934 035 $a(PQKBWorkID)10830721 035 $a(PQKB)10567804 035 $a(EXLCZ)99111026746748720 100 $a20160829d1998 uy 101 0 $aeng 181 $ctxt 182 $cc 183 $acr 200 10$aInternational Conference on Computer Design 210 31$a[Place of publication not identified]$cIEEE Computer Society Press$d1998 300 $aBibliographic Level Mode of Issuance: Monograph 311 $a0-8186-9099-2 801 0$bPQKB 906 $aPROCEEDING 912 $a996211378803316 996 $aInternational Conference on Computer Design$92332543 997 $aUNISA